000 02285nam0a2200421 4500
001 RU\NLR\BIBL_A\022030186
005 20231031153617.0
010 _a978-5-91776-486-3
_974
021 _aRU
_bКН-П-23-051105
_9КН-П-23-5131
035 _a(NLR Aleph) 022030186
035 _a(RuMoRGB)012021385
090 _a12537747
_c12537747
100 _a20230919d2023 u y0rusy50 ca
101 0 _arus
102 _aRU
105 _aa|||j|||000zy
181 0 _ai
_baxxe
182 0 _an
200 1 _aИспользование средств гиревого спорта в физической подготовке боксеров
_eучебно-методическое пособие
_fС. И. Горелкин, И. С. Беляев, А. А. Коник [и др.]
_gБелгородский юридический институт МВД России имени И. Д. Путилина
203 _aТекст
_bвизуальный
_cнепосредственный
210 _aБелгород
_cБелгородский юридический институт МВД России имени И. Д. Путилина
_d2023
215 _a49 с.
_cил.
_d22
300 _aНа 49-й с. 3-й авт.: Коник А. А., канд. пед. наук, доц.
300 _aАвт. указаны на обороте тит. с.
320 _aБиблиогр.: с. 46-48 (33 назв.)
606 1 _aБоксёры
_jУчебно-методические пособия
_xФизическая подготовка
_91182306
_3RU\NLR\AUTH\66158284
610 0 _aбокс - физическая подготовка
675 _a796.83(075.8)
_v4
686 1 _aЧ517.131.511я7
701 1 _aГорелкин
_bС. И.
_gСергей Иванович
701 1 _7ca
_8rus
_aБеляев
_bИ. С.
_cпреподаватель, физическая культура
_gИван Сергеевич
_9243061
_3RU\NLR\AUTH\770243117
701 1 _aКоник
_bА. А.
_gАлексей Алексеевич
712 0 2 _4475
_aБелгородский юридический институт
_9817381
_3RU\NLR\AUTH\880575786
942 _cBOOK
980 _aNB